00393 a2200157 4500003000400000005001700004008004100021020001800062040000900080082001500089100001800104245005100122250001200173260003900185300001100224OSt20221114121814.0221114b ||||| |||| 00| 0 eng d a9788120412606 coclc a636bBAN/T aBanerjee, G C aA textbook of animal husbandry /cG C Banerjee a8th ed. aNew Delhi:bCBS Publishers,c2023. a1079 p